000 00367 a2200109 4500
001 ART_44972
005 20260410162039.0
008 260409a
245 1 0 _aNotas sobre la evolución de la distribución de las remuneraciones en la Argentina
100 1 _aBeccaria, Luis A.
773 0 _tEstudios del trabajo
_g- N° 32 (jul./dic. 2006)
_wREV44896
999 _c34713
_d34713